<?xml version="1.0" encoding="UTF-8"?>
<marc:record xmlns:marc="http://www.loc.gov/MARC21/slim">
   <marc:leader>00000nam a2200000 a 4500</marc:leader>
   <marc:datafield ind1="1" ind2=" " tag="100">
      <marc:subfield code="a">Hetzer, Heidi</marc:subfield>
      <marc:subfield code="4">aut</marc:subfield>
      <marc:subfield code="e">Verfasser/-in</marc:subfield>
   </marc:datafield>
   <marc:datafield ind1="1" ind2=" " tag="100">
      <marc:subfield code="a">Bielefeld, Marc</marc:subfield>
      <marc:subfield code="4">aut</marc:subfield>
      <marc:subfield code="e">Verfasser/-in</marc:subfield>
   </marc:datafield>
   <marc:datafield ind1="0" ind2="0" tag="245">
      <marc:subfield code="a">Ungebremst leben</marc:subfield>
   </marc:datafield>
   <marc:datafield ind1="0" ind2="0" tag="245">
      <marc:subfield code="b">wie ich mit 77 Jahren die Freiheit suchte und einfach losfuhr</marc:subfield>
   </marc:datafield>
   <marc:datafield ind1="0" ind2="0" tag="245">
      <marc:subfield code="c">Hetzer, Heidi</marc:subfield>
   </marc:datafield>
   <marc:datafield ind1=" " ind2="1" tag="264">
      <marc:subfield code="a">München</marc:subfield>
      <marc:subfield code="b">Ludwig</marc:subfield>
      <marc:subfield code="c">2018</marc:subfield>
   </marc:datafield>
   <marc:datafield ind1="1" ind2=" " tag="520">
      <marc:subfield code="a">VERLAGSTEXT: Eine alte Dame, ein staubiger Oldtimer und ein wahr gewordener Traum / "Alter schützt vor Leben nicht", so lautet Heidi Hetzers Devise, als sie 2014 mit einem Hudson Baujahr 1930 alleine zu einer Reise um die Welt aufbricht. Schon als Jugendliche schwimmt sie gegen den Strom, als sie in den Fünfzigerjahren im väterlichen Betrieb eine Kfz-Lehre absolviert. Mit gerade einmal Anfang Dreißig übernimmt sie das Familienunternehmen und macht es zum größten Autohaus Berlins, gründet eine Familie - und fährt regelmäßig Rallyes. / Erstmals erzählt Heidi Hetzer jetzt aus ihrem spannenden Leben und von ihrer abenteuerlichen Reise während zweieinhalb Jahren durch vierzig Länder, von einer Tour de Force voller Pannen und Hindernisse, Höhen und Tiefen, aber auch voller faszinierender Erlebnisse und Begegnungen mit hilfsbereiten Menschen. Inspirierend, kraftvoll, Mut machend!</marc:subfield>
   </marc:datafield>
   <marc:datafield ind1=" " ind2=" " tag="020">
      <marc:subfield code="a">9783453281134</marc:subfield>
      <marc:subfield code="9">9783453281134</marc:subfield>
   </marc:datafield>
   <marc:datafield ind1=" " ind2=" " tag="020">
      <marc:subfield code="a">3453281136</marc:subfield>
      <marc:subfield code="9">3453281136</marc:subfield>
   </marc:datafield>
   <marc:datafield ind1=" " ind2=" " tag="041">
      <marc:subfield code="a">ger</marc:subfield>
   </marc:datafield>
   <marc:datafield ind1=" " ind2=" " tag="300">
      <marc:subfield code="b">Ill.</marc:subfield>
   </marc:datafield>
   <marc:datafield ind1=" " ind2=" " tag="338">
      <marc:subfield code="a">Band</marc:subfield>
   </marc:datafield>
   <marc:datafield ind1=" " ind2=" " tag="300">
      <marc:subfield code="a">364 Seiten, 36 ungez</marc:subfield>
   </marc:datafield>
</marc:record>
